Walt Disney Resort Hotels - Statistics

General Stats
  • This quiz has been taken 48 times
  • The average score is 17 of 37
Answer Stats
Park Answer % Correct
Disney World Grand Floridian Resort
86%
Disney World Contemporary Resort
84%
Disney world Polynesian Village Resort
81%
Disney World All-Star Sports Resort
78%
Disney World Port Orleans Resort
76%
Disney World All-Star Music Resort
73%
Disney World Pop Century Resort
73%
Disney World All-Star Movie Resort
70%
Disney World Animal Kingdom Lodge
68%
Disney World Art of Animation Resort
68%
Disney World Beach Club Resort
62%
Disney World Saratoga Springs Resort
62%
Disney World Wilderness Lodge
62%
Disney World Disney's Riviera Resort
59%
Disney World BoardWalk Resort
57%
Disney World Walt Disney World Swan
51%
Disney World Caribbean Beach Resort
49%
Disney World Coronado Springs Resort
49%
Disney World Fort Wilderness Resort
49%
Disney World Walt Disney World Dolphin
49%
Disneyland Disneyland Hotel
43%
Disneyland Paris Disneyland Hotel
43%
Disney World Old Key West Resort
38%
Disneyland The Grand Californian
38%
Disney World The Yacht Club Resort
35%
Disneyland Paris The Art of Marvel
27%
Tokyo Disneyland Tokyo Disney Resort Toy Story Hotel
27%
Shanghai Disneyland Toy Story Hotel
27%
Disneyland Paris Disney Hotel Cheyenne
22%
Disneyland Paris Disney Hotel Santa Fe
22%
Disneyland Paris Disney Newport Bay Club
16%
Disneyland Paris Disney Sequoia Lodge
16%
Tokyo Disneyland Tokyo Disneyland Hotel
16%
Tokyo Disneyland Tokyo DisneySea Hotel MiraCosta
14%
Tokyo Disneyland Disney Ambassador Hotel
11%
Shanghai Disneyland Shanghai Disneyland Hotel
11%
Tokyo Disneyland Tokyo Disney Celebration Hotel
11%
No matching quizzes found
Score Distribution
Percent of People with Each Score
Percentile by Number Answered
Your Score History
You have not taken this quiz